00666nam a2200181Ia 4500003000900000008004100009040001600050080001500066110003800081245009500119260004100214300002300255650003500278650003200313942000700345999001500352952011700367IN-BaIIA211028s9999 xx 000 0 eng d cIIA Library a6.047bIND aIndia. Ministry of Sciences97687 0aReport of the third central pay commissionbvol. 1-4cGovt. of India. Ministry of Sciences aNew DelhibGovernment of Indiac1973 a[various pagings.] aCentral Government Rules97081 aThird Pay commission.97688 cBK c4390d4390 00104070aBANbBANcGENd1974-04-18g29.05l0o06.047/ INDp4899r2021-11-05v29.05w1974-04-18yBKGRs. 29.05